000 00964nam a2200277Ia 4500
003 OSt
005 20220923211223.0
006 a|||||r|||| 00| 0
007 ta
008 220922b |||||||| |||| 00| 0 hin d
020 _a9788170168805 (hbk)
_c125
024 _a324,941
037 _b25506, 13/03/2018, Kitab Ghar
_cTextual
040 _aARTS
_cARTS
_bhin
041 _2hin
_ahin
082 _aO152,2N37, Q3
100 _aनरेन्द्र मोहन, ले.
_9159909
245 0 _aहद हो गई, यारो !
246 _aHad ho gaī, yāro
260 _aनई दिल्ली
_b किताब घर
_c2013
300 _a79पृ.
_ccm.
650 _a हिन्दी नाटक
_9156368
650 _aहिन्दी साहित्य
_9156264
942 _hO152,2N37, Q3
_cTEXL
_2CC
999 _c297186
_d297186